Think for Yourself (The Beatles) - Statistics

General Stats
  • This quiz has been taken 22 times
  • The average score is 137 of 192
Answer Stats
Answer % Correct
for
100%
I
100%
a
94%
you
94%
be
88%
the
88%
The
88%
Think
88%
your
88%
yourself
88%
do
82%
Do
82%
go
82%
To
82%
to
82%
And
76%
'Cause
76%
cause
76%
what
76%
where
76%
won't
76%
going
71%
got
71%
that
71%
there
71%
things
71%
two
71%
want
71%
with
71%
You're
71%
you're
71%
all
65%
All
65%
If
65%
if
65%
in
65%
I've
65%
or
65%
word
65%
about
59%
About
59%
more
59%
say
59%
can
53%
good
53%
had
53%
have
53%
mind
53%
of
53%
still
53%
we
53%
just
47%
see
47%
Try
47%
gonna
41%
left
41%
lies
41%
misery
41%
opaque
41%
own
41%
ruins
41%
sake
41%
telling
41%
thinking
41%
those
41%
time
41%
up
41%
behind
35%
can't
35%
close
35%
eyes
35%
far
35%
know
35%
life
35%
mind's
35%
our
35%
you've
35%
future
29%
made
29%
should
29%
looks
24%
though
24%
rectify
18%
Although
12%
No matching quizzes found
Score Distribution
Percent of People with Each Score
Percentile by Number Answered
Your Score History
You have not taken this quiz